| 000 | 01515nam a22003614a 4500 | ||
|---|---|---|---|
| 001 | ebr10170758 | ||
| 003 | CaPaEBR | ||
| 006 | m u | ||
| 007 | cr cn||||||||| | ||
| 008 | 021210s2003 ctua sb 001 0 eng | ||
| 010 | _z 2002041161 | ||
| 020 | _z0300098146 (cloth : alk. paper) | ||
| 040 |
_aCaPaEBR _cCaPaEBR |
||
| 035 | _a(OCoLC)568024783 | ||
| 041 | 1 |
_aeng _hdut |
|
| 043 | _aa-io--- | ||
| 050 | 1 | 4 |
_aQK495.O64 _bR7913 2003eb |
| 082 | 0 | 4 |
_a584/.4/09598 _221 |
| 100 | 1 |
_aRumpf, Georg Eberhard, _d1627-1702. |
|
| 240 | 1 | 0 |
_aAmboinsche kruidboek. _lEnglish |
| 245 | 1 | 0 |
_aRumphius' orchids _h[electronic resource] : _borchid texts from The Ambonese herbal / _cGeorgius Everhardus Rumphius ; translated, edited, annotated, and with an introduction by E.M. Beekman. |
| 260 |
_aNew Haven, CT : _bYale University Press, _cc2003. |
||
| 300 |
_ali, 172 p. : _bill. |
||
| 504 | _aIncludes bibliographical references (p. 157-164) and index. | ||
| 533 |
_aElectronic reproduction. _bPalo Alto, Calif. : _cebrary, _d2013. _nAvailable via World Wide Web. _nAccess may be limited to ebrary affiliated libraries. |
||
| 600 | 1 | 0 |
_aRumpf, Georg Eberhard, _d1627-1702. |
| 650 | 0 |
_aOrchids _zIndonesia _zAmbon Island. |
|
| 650 | 0 |
_aBotany _vPre-Linnean works. |
|
| 655 | 7 |
_aElectronic books. _2local |
|
| 700 | 1 |
_aBeekman, E. M., _d1939-2008. |
|
| 710 | 2 | _aebrary, Inc. | |
| 856 | 4 | 0 |
_uhttp://site.ebrary.com/lib/rucke/Doc?id=10170758 _zAn electronic book accessible through the World Wide Web; click to view |
| 999 |
_c139528 _d139528 |
||